विज्ञान परिचय/ (Record no. 68172)
[ view plain ]
| 000 -LEADER | |
|---|---|
| fixed length control field | 03158nam a22003257a 4500 |
| 005 - DATE AND TIME OF LATEST TRANSACTION | |
| control field | 20120626113152.0 |
| 010 ## - LCCN (DPL NO) | |
| LC control number | B-483656-665 |
| 020 ## - INTERNATIONAL STANDARD BOOK NUMBER | |
| International Standard Book Number | 9789381854006 |
| Terms of availability | 300.00 |
| 035 ## - SYSTEM CONTROL NUMBER | |
| System control number | B-483656-665 |
| 037 ## - SOURCE OF ACQUISITION | |
| Source of stock number/acquisition | के.के.पब्लिकेशंस |
| 082 ## - DEWEY DECIMAL CLASSIFICATION NUMBER | |
| Classification number | 500 |
| 100 ## - MAIN ENTRY--PERSONAL NAME | |
| Personal name | रंजन, सी. |
| 245 ## - TITLE STATEMENT | |
| Title | विज्ञान परिचय/ |
| Statement of responsibility, etc | सी.. रंजन |
| 260 ## - PUBLICATION, DISTRIBUTION, ETC. (IMPRINT) | |
| Place of publication, distribution, etc | दिल्ली |
| Name of publisher, distributor, etc | एशियन्ट पब्लिकेशन |
| Date of publication, distribution, etc | 2012 |
| 270 ## - ADDRESS | |
| Address | एन-66/67, द्वितीय तल, गली नं. 4, नवीन शाहदरा |
| City | दिल्ली |
| Postal code | 110032 |
| 300 ## - PHYSICAL DESCRIPTION | |
| Extent | 152 पृ. |
| Other physical details | सचित्र |
| Dimensions | 22 सें.मी.(सजिल्द) |
| 942 ## - ADDED ENTRY ELEMENTS (KOHA) | |
| Source of classification or shelving scheme | Dewey Decimal Classification |
| Item type | Hindi Books |
| Call number suffix | रंजन |
| Classification part | 500 |
| Withdrawn status | Lost status | Not for loan | Home library | Current library | Date acquired | Cost, normal purchase price | Full call number | Cost, replacement price | Koha item type | Collection code | Source of acquisition | Barcode | Copy number |
|---|---|---|---|---|---|---|---|---|---|---|---|---|---|
| Andrews Gunj | Andrews Gunj | 26/06/2012 | 300.00 | रंजन | 300.00 | Hindi Books | |||||||
| Andrews Gunj | Andrews Gunj | 10/10/2012 | 300.00 | 500 रंजन | 300.00 | Hindi Books | Non-fiction | के.के. पब्लिकेशंस/2180/10.08.12/1/27.07.12/03.09.12 | B-483659 | 1 | |||
| Written-off vide DLB M. No. 383 dt 16.05.19 | Central Library | Central Library | 10/10/2012 | 300.00 | 500 रंजन | 300.00 | Hindi Books | Non-fiction | के.के. पब्लिकेशंस/2180/10.08.12/1/27.07.12/03.09.12 | B-483656 | 1 | ||
| Karol Bagh | Karol Bagh | 10/10/2012 | 300.00 | 500 रंजन | 300.00 | Hindi Books | Non-fiction | के.के. पब्लिकेशंस/2180/10.08.12/1/27.07.12/03.09.12 | B-483662 | 1 | |||
| New Rohtak Road | New Rohtak Road | 10/10/2012 | 300.00 | 500 रंजन | 300.00 | Hindi Books | Non-fiction | के.के. पब्लिकेशंस/2180/10.08.12/1/27.07.12/03.09.12 | B-483663 | 1 | |||
| R.K.Puram-8 | R.K.Puram-8 | 10/10/2012 | 300.00 | 500 रंजन | 300.00 | Hindi Books | Non-fiction | के.के. पब्लिकेशंस/2180/10.08.12/1/27.07.12/03.09.12 | B-483658 | 1 | |||
| Sarojini Nagar | Sarojini Nagar | 10/10/2012 | 300.00 | 500 रंजन | 300.00 | Hindi Books | Non-fiction | के.के. पब्लिकेशंस/2180/10.08.12/1/27.07.12/03.09.12 | B-483657 | 1 | |||
| Shahdara Branch | Shahdara Branch | 10/10/2012 | 300.00 | 500 रंजन | 300.00 | Hindi Books | Non-fiction | के.के. पब्लिकेशंस/2180/10.08.12/1/27.07.12/03.09.12 | B-483664 | 1 | |||
| Sriniwas Puri | Sriniwas Puri | 10/10/2012 | 300.00 | 500 रंजन | 300.00 | Hindi Books | Non-fiction | के.के. पब्लिकेशंस/2180/10.08.12/1/27.07.12/03.09.12 | B-483660 | 1 | |||
| Vinoba Puri | Vinoba Puri | 10/10/2012 | 300.00 | 500 रंजन | 300.00 | Hindi Books | Non-fiction | के.के. पब्लिकेशंस/2180/10.08.12/1/27.07.12/03.09.12 | B-483661 | 1 | |||
| Yojana Vihar | Yojana Vihar | 10/10/2012 | 300.00 | 500 रंजन | 300.00 | Hindi Books | Non-fiction | के.के. पब्लिकेशंस/2180/10.08.12/1/27.07.12/03.09.12 | B-483665 | 1 |
